[Event "Budapest for 1800+"]
[Site "SchemingMind.com"]
[Date "2022.05.31"]
[Round "-"]
[White "Ramesh Panwar"]
[Black "William Lindberg"]
[Result "1/2-1/2"]
[WhiteCountry "IND"]
[BlackCountry "USA"]
[WhiteElo "2543"]
[WhiteRD "101"]
[BlackElo "2404"]
[BlackRD "68"]
[GameID "723937"]

1. d4 Nf6 2. c4 e5 3. dxe5 Ng4 4. Nf3 Bc5 5. e3 Nc6 6. Nc3 O-O 7. a3 a5 8. Ne4 Ba7 9. b4 Ncxe5 10. Bb2 Re8
11. h3 Nxf3+ 12. gxf3 Qh4 13. hxg4 Qxh1 14. Qd5 Qh6 15. g5 Qe6 16. Qd2 d5 17. cxd5 Qg6 18. Qc3 Bb6 19. b5 a4 20. O-O-O Rxe4
21. fxe4 Bg4 22. Rd2 Qxg5 23. f4 Qg6 24. Rg2 h5 25. Kb1 Re8 26. Bd3 Bxe3 27. f5 Qg5 28. Qxc7 h4 29. d6 h3 30. d7 Rf8
31. Rc2 Bf4 32. b6 Bd1 33. Rf2 h2 34. Rf1 Bf3 35. f6 gxf6 36. d8=Q Rxd8 37. Qxd8+ Kg7 38. Qe7 Be5 39. Bxe5 Qxe5 40. Qxb7 Qd4
41. Bc2 Qc4 42. Rc1 Qb5+ 43. Ka2 Qc4+ 44. Kb2 Qb5+=
1/2-1/2

[Event "Budapest for 1800+"]
[Site "SchemingMind.com"]
[Date "2022.05.31"]
[Round "-"]
[White "Ramesh Panwar"]
[Black "Raymond de Kemp"]
[Result "1-0"]
[WhiteCountry "IND"]
[BlackCountry "NED"]
[WhiteElo "2602"]
[WhiteRD "90"]
[BlackElo "1765"]
[BlackRD "70"]
[GameID "723938"]

1. d4 Nf6 2. c4 e5 3. dxe5 Ng4 4. Nf3 Bc5 5. e3 Nc6 6. Nc3 O-O 7. a3 a5 8. Ne4 Be7 9. Qd5 d6 10. exd6 cxd6
11. Be2 Be6 12. Qb5 Qc7 13. Nc3 Na7 14. Qb3 Rac8 15. Nd5 Bxd5 16. cxd5 b5 17. O-O Qd7 18. a4 b4 19. e4 Ne5 20. Nxe5 dxe5
21. Qg3 Qd6 22. Be3 Rc7 23. Bg4 Nc8 24. Rfc1 Rxc1+ 25. Rxc1 Qb8 26. Rc6 g6 27. h4 Bd6 28. Bh6 Re8 29. Bd7 Rd8 30. Qf3 Be7
31. Be6 fxe6 32. dxe6
1-0

[Event "Budapest for 1800+"]
[Site "SchemingMind.com"]
[Date "2022.05.31"]
[Round "-"]
[White "Raymond de Kemp"]
[Black "Ramesh Panwar"]
[Result "0-1"]
[WhiteCountry "NED"]
[BlackCountry "IND"]
[WhiteElo "1814"]
[WhiteRD "70"]
[BlackElo "2543"]
[BlackRD "101"]
[GameID "723939"]

1. d4 Nf6 2. c4 e5 3. dxe5 Ng4 4. e4 Nxe5 5. f4 Nec6 6. Nf3 Bc5 7. Nc3 d6 8. Bd3 Bg4 9. h3 Bxf3 10. Qxf3 Nd7
11. Be3 Qh4+ 12. g3 Qf6 13. O-O-O Nce5 14. Qe2 Nxd3+ 15. Rxd3 O-O-O 16. Nd5 Qe6 17. Bd2 Rhe8 18. b4 Bb6 19. Re1 f5 20. Nxb6+ Nxb6
21. Rc3 fxe4 22. g4 d5 23. c5 d4 24. Ra3 Nc4 25. Rxa7 Kb8 26. Ra4 d3 27. Qg2 Qf6
0-1

[Event "Budapest for 1800+"]
[Site "SchemingMind.com"]
[Date "2022.06.08"]
[Round "-"]
[White "Glenn O'Brien"]
[Black "ramesse"]
[Result "1-0"]
[WhiteCountry "AUS"]
[BlackCountry "SVK"]
[WhiteElo "1989"]
[WhiteRD "87"]
[BlackElo "2301"]
[BlackRD "72"]
[GameID "724154"]

1. d4 Nf6 2. c4 e5 3. dxe5 Ng4 4. Bf4 Nc6 5. Nf3 Bb4+ 6. Nbd2 Qe7 7. e3 Ngxe5 8. Nxe5 Nxe5 9. Be2 O-O 10. O-O d6
11. Nb3 Re8 12. a3 Bc5 13. Nxc5 dxc5 14. Qc2 b6 15. Bxe5 Qxe5 16. Rad1 Bb7 17. Rd7 Bc6 18. Rd2 Qg5 19. g3 h5 20. Rfd1 g6
21. h4 Qf6 22. Qc3 Qf5 23. Kf1 Qh3+ 24. Ke1 Qh1+ 25. Bf1 Bg2 26. Qd3 Re6 27. Ke2 Bf3+ 28. Ke1 Rae8 29. Rc1
1-0

[Event "Budapest for 1800+"]
[Site "SchemingMind.com"]
[Date "2022.06.07"]
[Round "-"]
[White "ramesse"]
[Black "Glenn O'Brien"]
[Result "0-1"]
[WhiteCountry "SVK"]
[BlackCountry "AUS"]
[WhiteElo "2301"]
[WhiteRD "72"]
[BlackElo "1989"]
[BlackRD "87"]
[GameID "724155"]

1. d4 Nf6 2. c4 e5 3. dxe5 Ng4 4. e4 Nxe5 5. f4 Nbc6 6. fxe5 Qh4+ 7. Kd2 Qf4+ 8. Kd3 Nxe5+ 9. Kc3 Qxe4 10. Nf3 Nxf3
11. Qxf3 Qxf3+ 12. gxf3 Bd6 13. Bd3 Be5+ 14. Kc2 O-O 15. Nc3 c6 16. Be3 Re8 17. Rae1 d6 18. f4 Bxc3 19. Kxc3 Bh3 20. Bxa7 Rf8
21. Bb6 Rxa2 22. Rhg1 Raa8 23. f5 c5 24. Re7 Ra6 25. Rxb7 h5 26. f6 Bg4 27. h3 Be6 28. Rxg7+ Kh8 29. Rg5 h4
0-1

[Event "Budapest for 1800+"]
[Site "SchemingMind.com"]
[Date "2022.06.06"]
[Round "-"]
[White "Glenn O'Brien"]
[Black "Diadoco"]
[Result "0-1"]
[WhiteCountry "AUS"]
[BlackCountry "MEX"]
[WhiteElo "1989"]
[WhiteRD "87"]
[BlackElo "1888"]
[BlackRD "99"]
[GameID "724156"]

1. d4 Nf6 2. c4 e5 3. dxe5 Ng4 4. Bf4 Nc6 5. Nf3 Bb4+ 6. Nbd2 Qe7 7. e3 Ngxe5 8. Nxe5 Nxe5 9. Be2 O-O 10. O-O a5
11. a3 Bxd2 12. Qxd2 d6 13. b4 axb4 14. axb4 Bf5 15. c5 dxc5 16. Qd5 Rxa1 17. Rxa1 cxb4 18. Qxe5 Qxe5 19. Bxe5 c6 20. Bd6 Rd8
21. Bxb4 h6 22. Rd1 Rxd1+ 23. Bxd1 g5 24. Bc5 Be6 25. Bb6 f5 26. Kf1 Kf7 27. Bh5+ Ke7 28. Bc5+ Kd7 29. Kg1 Kc7 30. h3 b6
31. Bf8 c5 32. Bxh6 g4 33. Bf4+ Kc6 34. hxg4 fxg4 35. Kh2 c4 36. e4 c3 37. Kg3 b5 38. e5 b4 39. Bxg4 Kd5 40. Bh5 b3
41. Be8 Kc4 42. Bg5 b2 43. Bg6 Kb3 44. f4 c2 45. Bxc2+ Kxc2 46. Kf2 b1=Q 47. Bd8 Kd3 48. Bg5 Qc2+
0-1

[Event "Budapest for 1800+"]
[Site "SchemingMind.com"]
[Date "2022.06.05"]
[Round "-"]
[White "Diadoco"]
[Black "Glenn O'Brien"]
[Result "0-1"]
[WhiteCountry "MEX"]
[BlackCountry "AUS"]
[WhiteElo "1857"]
[WhiteRD "97"]
[BlackElo "1937"]
[BlackRD "90"]
[GameID "724157"]

1. d4 Nf6 2. c4 e5 3. dxe5 Ng4 4. Bf4 Nc6 5. Nf3 Bb4+ 6. Nc3 Qe7 7. Qd5 Bxc3+ 8. bxc3 f6 9. exf6 Nxf6 10. Qd3 d6
11. g3 O-O 12. Bg2 Bg4 13. O-O Rae8 14. Rfe1 Kh8 15. Rad1 Ne4 16. Be3 Bf5 17. Bg5 Nxg5
0-1

[Event "Budapest for 1800+"]
[Site "SchemingMind.com"]
[Date "2022.06.06"]
[Round "-"]
[White "Glenn O'Brien"]
[Black "Robert Bruce"]
[Result "0-1"]
[WhiteCountry "AUS"]
[BlackCountry "SCO"]
[WhiteElo "1937"]
[WhiteRD "90"]
[BlackElo "2312"]
[BlackRD "72"]
[GameID "724158"]

1. d4 Nf6 2. c4 e5 3. dxe5 Ne4 4. Nf3 d6 5. exd6 Bxd6 6. g3 Nxf2 7. Qd4 Nxh1 8. Qxg7 Rf8 9. Bg2 Nxg3 10. hxg3 Nc6
11. Bd2 Bf5 12. Nc3 Qd7 13. Nd5 O-O-O 14. Nf6 Qe6 15. g4 Bd3 16. Bf1 Bg3+ 17. Kd1 Bxc4 18. b3 Be5 19. Nxe5 Qxe5 20. Nh5 Bxe2+
21. Bxe2 Qe3 22. Qb2 Nb4 23. Ng3 Qxg3 24. Qf6 Qe3 25. Qf5+ Kb8
0-1

[Event "Budapest for 1800+"]
[Site "SchemingMind.com"]
[Date "2022.06.05"]
[Round "-"]
[White "Robert Bruce"]
[Black "Glenn O'Brien"]
[Result "1-0"]
[WhiteCountry "SCO"]
[BlackCountry "AUS"]
[WhiteElo "2336"]
[WhiteRD "70"]
[BlackElo "1989"]
[BlackRD "87"]
[GameID "724159"]

1. d4 Nf6 2. c4 e5 3. dxe5 Ng4 4. Bf4 Nc6 5. Nf3 Bb4+ 6. Nbd2 Qe7 7. e3 Ngxe5 8. Nxe5 Nxe5 9. Be2 O-O 10. O-O d6
11. a3 Bxd2 12. Qxd2 b6 13. b4 Bb7 14. a4 Nxc4 15. Bxc4 Qe4 16. f3 Qxc4 17. Rfc1 Qd5 18. Qxd5 Bxd5 19. Rxc7 Rfd8 20. a5 bxa5
21. Rxa5 Be6 22. Raxa7 Rab8 23. Rab7 Ra8 24. Rc2 Ra1+ 25. Kf2 Rd1 26. Rb2 d5 27. b5 d4 28. e4 d3 29. Ra7 d2 30. Kg3 f6
31. b6 g5 32. b7 gxf4+ 33. Kxf4 Rc1 34. Rxd2 Rxd2 35. b8=Q+ Rc8 36. Qb7 Bd7 37. h4 Rc6 38. Ra8+ Kg7 39. Rd8 Rcd6 40. Qb8 Kh6
41. Rg8 Be8 42. g4 Rd8 43. Qc7
1-0

[Event "Budapest for 1800+"]
[Site "SchemingMind.com"]
[Date "2022.06.06"]
[Round "-"]
[White "Glenn O'Brien"]
[Black "William Lindberg"]
[Result "0-1"]
[WhiteCountry "AUS"]
[BlackCountry "USA"]
[WhiteElo "1937"]
[WhiteRD "90"]
[BlackElo "2404"]
[BlackRD "68"]
[GameID "724160"]

1. d4 Nf6 2. c4 e5 3. dxe5 Ng4 4. Bf4 Bb4+ 5. Nd2 d6 6. exd6 Bxd6 7. Bxd6 Qxd6 8. e3 Qf6 9. Ngf3 Qxb2 10. h3 Ne5
11. Rb1 Nxf3+ 12. Qxf3 Qc2 13. Rxb7 Bxb7 14. Qxb7 O-O 15. Qxa8 Rd8 16. Ke2 Qxd2+ 17. Kf3 Qd1+ 18. Kg3 Qd6+ 19. f4 Nc6 20. Qb7 Rb8
21. Qa6 Re8 22. Kh2 Rxe3 23. g3 Qd2+ 24. Bg2 Ne7 25. Qxa7 g6 26. Rd1 Qf2 27. Qxc7 Nf5 28. a4 Rxg3
0-1

[Event "Budapest for 1800+"]
[Site "SchemingMind.com"]
[Date "2022.06.05"]
[Round "-"]
[White "William Lindberg"]
[Black "Glenn O'Brien"]
[Result "1-0"]
[WhiteCountry "USA"]
[BlackCountry "AUS"]
[WhiteElo "2404"]
[WhiteRD "68"]
[BlackElo "1937"]
[BlackRD "90"]
[GameID "724161"]

1. d4 Nf6 2. c4 e5 3. dxe5 Ng4 4. Nf3 Nc6 5. Bg5 Be7 6. Bxe7 Qxe7 7. Nc3 Ngxe5 8. Nd4 Nxc4 9. Ndb5 Nxb2 10. Qb1 Qb4
11. e3 a6 12. Nxc7+ Kd8 13. Nd5 Qa3 14. Be2 Ne7 15. O-O Nxd5 16. Nxd5 Na4 17. Rd1 Qc5 18. Bf3 Qd6 19. Rd4 Qa3 20. Rxa4 Qxa4
21. Qb6+ Ke8 22. Qd6 Qh4 23. Rc1 Qd8 24. Nc7+ Qxc7 25. Rxc7 h5 26. Qe5+ Kd8 27. Rc4 f6 28. Qc7+ Ke7 29. Bd5
1-0

[Event "Budapest for 1800+"]
[Site "SchemingMind.com"]
[Date "2022.06.10"]
[Round "-"]
[White "Glenn O'Brien"]
[Black "Ramesh Panwar"]
[Result "0-1"]
[WhiteCountry "AUS"]
[BlackCountry "IND"]
[WhiteElo "1892"]
[WhiteRD "95"]
[BlackElo "2563"]
[BlackRD "112"]
[GameID "724162"]

1. d4 Nf6 2. c4 e5 3. dxe5 Ng4 4. Bf4 Nc6 5. Nf3 Bb4+ 6. Nbd2 Qe7 7. e3 Ngxe5 8. Nxe5 Nxe5 9. Be2 O-O 10. O-O d6
11. Nb3 a5 12. a3 Bc5 13. Nxc5 dxc5 14. Qd5 Ng6 15. Bg5 Qd6 16. Bh5 h6 17. Bxg6 hxg5 18. Be4 Qe7 19. Qe6 Qxe6
0-1

[Event "Budapest for 1800+"]
[Site "SchemingMind.com"]
[Date "2022.06.09"]
[Round "-"]
[White "Ramesh Panwar"]
[Black "Glenn O'Brien"]
[Result "1-0"]
[WhiteCountry "IND"]
[BlackCountry "AUS"]
[WhiteElo "2543"]
[WhiteRD "101"]
[BlackElo "1937"]
[BlackRD "90"]
[GameID "724163"]

1. d4 Nf6 2. c4 e5 3. dxe5 Ng4 4. Nf3 Nc6 5. Bf4 Bb4+ 6. Nc3 Qe7 7. Qb3 a5 8. a3 a4 9. Qc2 Ba5 10. g3 Ngxe5
11. Nxe5 Nxe5 12. Bg2 Nxc4 13. O-O c6 14. Qxa4 b5 15. Nxb5 cxb5 16. Qb3 Ra6 17. Qxb5 Nd6 18. Qd3 g5 19. Be3 Qe6 20. b4 Bd8
21. Rfd1 Bf6 22. Rac1 Ke7 23. Bc5 Be5 24. b5 Ra4 25. Qc2 Ra5 26. Qd2 Rxb5 27. Qxg5+ Qf6 28. Bxd6+ Bxd6 29. Qxb5 Qe5 30. Qb6 Bxa3
31. Rc4 f5 32. Rd5 Qxe2 33. Rxf5 Qe1+ 34. Bf1 d6 35. Qc7+
1-0

[Event "Budapest for 1800+"]
[Site "SchemingMind.com"]
[Date "2022.06.07"]
[Round "-"]
[White "Glenn O'Brien"]
[Black "Raymond de Kemp"]
[Result "1-0"]
[WhiteCountry "AUS"]
[BlackCountry "NED"]
[WhiteElo "1937"]
[WhiteRD "90"]
[BlackElo "1814"]
[BlackRD "70"]
[GameID "724164"]

1. d4 Nf6 2. c4 e5 3. dxe5 Ne4 4. Nf3 Nc6 5. a3 d6 6. Qc2 d5 7. e3 Be6 8. Be2 Be7 9. O-O O-O 10. Rd1 Bf5
11. Rxd5 Nd6 12. Bd3 Bxd3 13. Qxd3 Nxe5 14. Rxe5 f6 15. Rc5 b6 16. Rc6 f5 17. Qd5+ Kh8 18. Nd4 Ne8 19. Ne6 Qxd5 20. cxd5 Rf6
21. Nc3 a6 22. Nxc7 Nxc7 23. Rxc7 Bd6 24. Rc6 Rh6 25. g3
1-0

[Event "Budapest for 1800+"]
[Site "SchemingMind.com"]
[Date "2022.06.07"]
[Round "-"]
[White "Raymond de Kemp"]
[Black "Glenn O'Brien"]
[Result "0-1"]
[WhiteCountry "NED"]
[BlackCountry "AUS"]
[WhiteElo "1765"]
[WhiteRD "70"]
[BlackElo "1989"]
[BlackRD "87"]
[GameID "724165"]

1. d4 Nf6 2. c4 e5 3. dxe5 Ng4 4. e4 Nxe5 5. f4 Nec6 6. Nf3 Bc5 7. a3 a5 8. Nc3 d6 9. Qd3 O-O 10. Bd2 Nd7
11. h4 Nf6 12. O-O-O Ng4 13. Be1 Be3+ 14. Kb1 Bxf4 15. Nd5 Bh6 16. g3 f5 17. Ng5 Bxg5 18. hxg5 fxe4 19. Qe2 Bf5 20. Ne3 Qxg5
21. Nxf5 Qxf5 22. Ka1 Qf3 23. Qxf3 exf3 24. Bd3 h6 25. Be4 f2 26. Bd5+ Kh7 27. Bd2 Rae8 28. Bxc6 bxc6 29. Bf4 g5 30. Bxg5 f1=Q
0-1